Rekoštrukcia ZŠ na Komenského stále v nedohľadne

Bibliographic Details
Format: Article
Language:Slovak
ISSN:1335-7573
Subjects:

MARC

LEADER 00000nab a2200000 ar4500
001 vtls008937633
003 SK-MaSNL
005 20260303170201.0
008 070122c20060308xo dr|n|||||||000 b|slo
015 |a SLLK2006  |2 sllk 
038 |a SLLK 
040 |a SLLK  |b slo  |c sllk  |e AACR2 
041 0 |a slo 
044 |a xo  |c SK 
080 |a 352.9  |2 1997 
245 0 0 |a Rekoštrukcia ZŠ na Komenského stále v nedohľadne  |c [autor] (afo) 
610 1 7 |a Stará Ľubovňa (Slovensko).  |b Mesto   |2 snkbucl  |9 227851 
648 7 |a 2006  |2 snkbucl  |9 313148 
650 0 7 |a projekty  |2 snkbucl  |9 18866 
651 7 |a Stará Ľubovňa (Slovensko)  |2 snkbucl  |9 19193 
773 0 |t Tatranský denník Korzár  |g Roč. VIII, č. 56 (8. 3.2006) s. 1  |x 1335-7573 
852 |a SLLK  |b KIS3GCP 
999 |c 2075713  |d 2077643